000 00724pam a2200205 a 4500
999 _c1747
_d1747
020 _a0070179859 (alk. paper)
022 _a9780070179851
050 0 0 _aHB172.5
_b.D67
100 1 _aDornbusch, Rudiger.
245 1 0 _aMacroeconomics.
250 _a7th ed. /
260 _aBoston :
_bMcGraw-Hill/Irwin,
_cc1998.
300 _axix, 550 p. :
_bcol. ill. ;
_c25 cm.
500 _aIncludes Index.
505 _aIntroduction and national income accounting; growth, aggregate supply and demand and the new macroeconomics; first models; behavioural foundations; inflation, budget deficits and international adjustments.
650 0 _aMacroeconomics.
700 1 _aFischer, Stanley.
700 1 _aStartz, Richard,
942 _cBK